00795nam a2200229Ia 4500003000400000005001700004008004100021020002200062040000700084041000800091082002200099100005900121245006000180260004000240300001600280365001300296650002600309906006500335942001200400999001900412952013400431OSt20230329110814.0210423s2016 xx 000 0 und d a978-81-309-2881-4 cAL aeng a541.35 223bTURP aTURRO (Nicholas J);RAMAMURTHY (V);SCAIANO (J C)979524 aPrinciples of molecular photochemistry: an introduction aNew DelhibViva Books Pvt Ltdc2016 axxi,495bPB b595cINR aPhotochemistry979525 aan ; introduction ; molecular ; photochemistry: ; Principles 2ddccBK c168858d168858 001040708GCaSACPGbSACPGd2017-10-30eIntact Bookhouseg595.00l0o541.35 TURPpPG015360r2022-08-24 00:00:00w2021-04-26yBK